000 00607nam a2200229Ia 4500
003 OSt
005 20220924114811.0
006 a|||||r|||| 00| 0
007 ta
008 220923b |||||||| |||| 00| 0 ara d
024 _a342020
037 _cTextual
040 _aARTS
_cARTS
_bara
041 _2ara
_aara
082 _aQ7wM54, 28M4
100 _aDahhan Rasami Au.
_9175448
245 0 _aAbdurrehman al-kawabi
260 _aCairo
_bDarul muarif Misr
_c1984
650 _aISLAM
_9577
942 _hQ7wM54, 28M4
_cTEXL
_2CC
999 _c395354
_d395354